LEADER 00931nam0-22003131--450- 001 990008225280403321 005 20051115151841.0 010 $a88-13-17041-6 035 $a000822528 035 $aFED01000822528 035 $a(Aleph)000822528FED01 035 $a000822528 100 $a20051115d1990----km-y0itay50------ba 101 0 $aita 102 $aIT 105 $ay---n----00yy 200 1 $a<>unita sanitarie locali$elineamenti economico aziendali$fMarcella Mulazzani 210 $aPadova$cCEDAM$d1990 215 $aVIII, 161 p.$d24 cm 300 $aIn cop.: Dipartimento di scienze aziendali dell'Universita degli studi di Firenze 676 $a353.938410681$v20$zita 700 1$aMulazzani,$bMarcella$0116031 801 0$aIT$bUNINA$gRICA$2UNIMARC 901 $aBK 912 $a990008225280403321 952 $aVI B 627$b2279$fDDA 959 $aDDA 996 $aUnita sanitarie locali$9738607 997 $aUNINA LEADER 01692nam 2200481I 450 001 9910702453103321 005 20130820125459.0 035 $a(CKB)5470000002427637 035 $a(OCoLC)825823323 035 $a(EXLCZ)995470000002427637 100 $a20130129d2012 ua 0 101 0 $aeng 135 $aurcn||||||||| 181 $ctxt$2rdacontent 182 $cc$2rdamedia 183 $acr$2rdacarrier 200 10$aModeling and analysis of mixed synchronous/asynchronous systems /$fKevin R. Driscoll, Gabor Madl, and Brendan Hall 210 1$aHampton, Va. :$cNational Aeronautics and Space Administration, Langley Research Center,$d[2012] 215 $a1 online resource (38 pages) $ccolor illustrations 225 1 $a[NASA contractor report] ;$vNASA/CR 2012-217765 300 $aTitle from title screen (viewed Jan. 29, 2013). 300 $a"September 2012." 320 $aIncludes bibliographical references (pages 35-36). 517 3 $aModeling and analysis of mixed synchronous asynchronous systems 606 $aDesign analysis$2nasat 606 $aSynchronism$2nasat 606 $aInterfaces$2nasat 606 $aTelecommunication$2nasat 615 7$aDesign analysis. 615 7$aSynchronism. 615 7$aInterfaces. 615 7$aTelecommunication. 700 $aDriscoll$b Kevin R.$01417672 702 $aMadl$b Gabor 702 $aHall$b Brendan 712 02$aLangley Research Center, 712 02$aUnited States.$bNational Aeronautics and Space Administration, 801 0$bGPO 801 1$bGPO 906 $aBOOK 912 $a9910702453103321 996 $aModeling and analysis of mixed synchronous$93526906 997 $aUNINA LEADER 02168cam a2200325 4500 001 991003171599707536 005 20250430130146.0 008 950720s1521 it a b 000 0 ita d 035 $ab14292270-39ule_inst 035 $aCICOGNARA-4538$9ExL 040 $aBibl. Interfacoltà T. Pellegrino$bita 041 1 $aita$hlat 100 0 $aVitruvius Pollio$d$08237 240 10$aDe architectura$9(Vitruvius Pollio, sec. I a.C.).$lItaliano.$f1521$918291 245 10$aDi Lucio Vitruuio Pollione de architectura libri dece traducti de latino in vulgare affigurati: co[m]mentati: & con mirando ordine insigniti:$bper il quale facilmente potrai trouare la multitudine de li abstrusi & reconditi vocabuli a li soi loci & in epsa tabula con summo studio exploliti & enucleati ad immensa utilitate de ciascuno studioso & beniuolo di epsa opera. 246 3 $aDe architectura libri dece traducti de latino in vulgare affigurati: co[m]mentati: & con mirando ordine insigniti:$bper il quale facilmente potrai trovare la multitudine de li abstrusi et reconditi vocabuli a li soi loci & in epsa tabula con summo studio exploliti et enucleati ad immensa utilitate de ciascuno studioso & benivolo di epsa opera. 260 $bGotardus de Ponte$e(Impressa nell'am?na & delectevole Citate de Como :$fp. Magistro Gotardo da Po[n]te citadino milanese,$g1521). 300 $aiiii, [4], clxxxiii, [1] c. :$bill.; $c2° (42 cm). 500 $aFront. con incisione. 500 $aIniziali. 500 $aIncisioni xilografiche. 500 $aRiproduzione in microfiche dell'originale conservato presso la Biblioteca Apostolica Vaticana 787 18$iLeopoldo Cicognara Program :$tBiblioteca Cicognara$h[microform] : literary sources in the history of art and kindred subjects 787 18$tCatalogo ragionato dei libri d'arte e d'antichità / Leopoldo Cicognara 907 $a.b14292270$b01-04-22$c28-07-16 912 $a991003171599707536 945 $aLE002 SB Raccolta Cicognara, mcrf 698$g0$lle002$pE0.00$rn$so $t11$u0$v0$w0$x0$y.i15763638$z28-07-16 996 $aDe architectura$918291 997 $aUNISALENTO 998 $ale002$b28-07-16$cm$dg $e-$fita$git $h0$i1